| 000 | 01092nam a2200313Ia 4500 | ||
|---|---|---|---|
| 001 | Para_1305 | ||
| 003 | CHAP | ||
| 008 | 220125s1998 xx 000 0 und d | ||
| 010 | _a200013 | ||
| 040 | _cCHAP | ||
| 090 | _aPA TESIS 1246 | ||
| 100 |
_aCruz Hernández, Miguel Angel _929431 |
||
| 245 |
_aArreglos topológicos en frijol (Phaseolus vulgaris L.), y su efecto en el rendimiento, plagas, enfermedades y maleza, en Chapingo, México / _c por Miguel Angel Cruz Hernández |
||
| 260 |
_aChapingo, Méx. : _b El autor |
||
| 300 | _a59 h. | ||
| 502 | _aTesis (Ing. Agr. Esp. en Parasitología Agrícola), UACh. Depto. Parasitología | ||
| 650 |
_aFrijol _x enfermedades _943367 |
||
| 650 |
_aFrijol _x malas hierbas _943400 |
||
| 650 |
_aFrijol _x plagas _943415 |
||
| 650 |
_aFrijol _x rendimiento _943429 |
||
| 710 |
_aUACh. Departamento de Parasitología Agrícola _9115877 |
||
| 901 | _aPA TESIS 1246 | ||
| 902 | _aA | ||
| 905 | _a0000001998 i 0000000000 00 | ||
| 910 | _a1998 | ||
| 942 | _cPARA | ||
| 942 |
_cPARA _d1 |
||
| 999 |
_c200013 _d200013 |
||